Religion Quiz

Random Religion or Islam Quiz

Bible-Qur'an Name Dictionary Quiz Stats

 Plays Quiz Updated Jan 27, 2020

Support Sporcle.
Go Orange.
Score 0/35 Timer 05:00
2 Plays Today
% Correct
Adam
85.5%
Michael
85.2%
David
85%
Zechariah
84.8%
Lot
84.5%
Mary
84.3%
Abraham
84.2%
Ishmael
83.5%
Satan
83.1%
Solomon
82.5%
Moses
82.1%
Noah
82.1%
Samuel
81.7%
Haman
80.4%
Jacob
79.3%
Joseph
79.3%
Isaac
78.6%
Magog
77.9%
% Correct
Amram
64.3%
Gabriel
62.2%
Abel
62.2%
Aaron
62.1%
Ezra
55.2%
Korah
51.6%
Jonah
49.2%
Elijah
46.5%
Job
39%
Goliath
37.3%
Jesus
37.2%
Elisha
36.7%
Ezekiel
33.7%
Eve
30.8%
Cain
24.9%
Enoch
11.7%
Terah
6.5%

From the Vault

MLB National League MVPs (2000s)

by Propellerhead

Sports 4m
How many MVPs does it take before we need a title for the MVPs of the MVPs?
Remove Ads.
Support Sporcle.
Get the best of Sporcle when you Go Orange. This ad-free experience offers more features, more stats, and more fun while also helping to support Sporcle. Thank you for becoming a member.

Show Comments

Extras

Top Quizzes Today


Score Distribution

Your Account Isn't Verified!

In order to create a playlist on Sporcle, you need to verify the email address you used during registration. Go to your Sporcle Settings to finish the process.

Report this User

Report this user for behavior that violates our Community Guidelines.

Details: